Statystyki dla Największe aglomeracje w Irlandii

Kliknij tutaj aby rozwiązać quiz!

Ogólne statystyki

  • Ten quiz został rozwiązany 42 razy
  • Średni wynik to 4 z 10

Statystyki odpowiedzi

MiejsceMieszkańcyNazwa% Poprawnych
1.1 173 179Aglomeracja Dublińska
100%
2.208 669Aglomeracja Cork
78%
4.79 934Aglomeracja Galway
51%
3.94 192Aglomeracja Limerick
51%
8.39 004Aglomeracja Dundalk
32%
5.53 504Aglomeracja Waterford
29%
6.40 956Aglomeracja Drogheda
24%
9.32 600Aglomeracja Bray
10%
7.39 248Aglomeracja Swords
7%
10.30 173Aglomeracja Navan
5%

Rozkład punktacji

Percentyl według liczby udzielonych odpowiedzi

Procent ludzi z każdym wynikiem

Twoja historia wyników

Nie rozwiązałeś tego quizu